01012cam a2200277 a 4500001000400000003000600004005001700010008004100027010001700068040003000085042000900115050001500124082001200139100004700151245003600198260003700234300002400271490003900295505000600334520019900340521001800539521001800557650001300575800005500588856009100643292FISKH20230809141531.0040915r20051953nyu c 000 1 eng  a 2004113555 aDLCcDLCdDLCdFISKHbeng alcac00aPZ7.L5847400a8132221 aLewis, C. S.q(Clive Staples),d1898-1963.14aThe silver chair /cC.S. Lewis. aNew York :bHarperCollins,c2015 a191 pages :b18 cm.1 aThe chronicles of Narnia ;vBook 6 aO aTwo English children undergo hair-raising adventures as they go on a search and rescue mission for the missing Prince Rilian, who is held captive in the underground kingdom of the Emerald Witch.8 a840 bLexile8 aO bRaz-Plus 1aFantasy.1 aLewis, C. S.q(Clive Staples),d1898-1963.vbk. 6.423Publisher descriptionuhttp://www.loc.gov/catdir/enhancements/fy0633/2004113555-d.html